<?xml version="1.0" encoding="UTF-8"?>
<record
    xmlns:xsi="http://www.w3.org/2001/XMLSchema-instance"
    xsi:schemaLocation="http://www.loc.gov/MARC21/slim http://www.loc.gov/standards/marcxml/schema/MARC21slim.xsd"
    xmlns="http://www.loc.gov/MARC21/slim">

  <leader>01022nam a2200253 i 4500</leader>
  <controlfield tag="001">114455</controlfield>
  <controlfield tag="003">ES-MaACL</controlfield>
  <controlfield tag="005">20240530062939.0</controlfield>
  <controlfield tag="007">t|</controlfield>
  <controlfield tag="008">070301s1869    sp           |||| | spa d</controlfield>
  <datafield tag="040" ind1=" " ind2=" ">
    <subfield code="c">ES-MaACL</subfield>
  </datafield>
  <datafield tag="245" ind1="0" ind2="4">
    <subfield code="a">Los amores de don Tadeo / </subfield>
    <subfield code="c">traducida para el Follet&#xED;n de las novedades por E.H. de A.</subfield>
  </datafield>
  <datafield tag="260" ind1=" " ind2=" ">
    <subfield code="a">Madrid : </subfield>
    <subfield code="b">[s.n.], </subfield>
    <subfield code="c">1869</subfield>
    <subfield code="f">(Imp. de las Novedades)</subfield>
  </datafield>
  <datafield tag="300" ind1=" " ind2=" ">
    <subfield code="a">11 p&#xE1;ginas ; </subfield>
    <subfield code="c">22 cm.</subfield>
  </datafield>
  <datafield tag="490" ind1="1" ind2=" ">
    <subfield code="a">Follet&#xED;n de las novedades</subfield>
  </datafield>
  <datafield tag="530" ind1=" " ind2=" ">
    <subfield code="a">Disponible en formato digital</subfield>
  </datafield>
  <datafield tag="830" ind1=" " ind2=" ">
    <subfield code="a">Follet&#xED;n de las novedades</subfield>
    <subfield code="9">185765</subfield>
  </datafield>
  <datafield tag="852" ind1=" " ind2=" ">
    <subfield code="a">ES-MaACL</subfield>
    <subfield code="c">DEPO2</subfield>
    <subfield code="h">Legado: M. de la Fuente</subfield>
    <subfield code="j">G-4760(2) </subfield>
    <subfield code="x">Encuadernado con otras obras formando un volumen facticio</subfield>
    <subfield code="9">118751</subfield>
  </datafield>
  <datafield tag="856" ind1=" " ind2=" ">
    <subfield code="u">https://bvpb.mcu.es/es/consulta/registro.do?id=577764</subfield>
    <subfield code="y">Versi&#xF3;n en l&#xED;nea </subfield>
    <subfield code="z">Biblioteca Virtual del Patrimonio Bibliogr&#xE1;fico</subfield>
  </datafield>
  <datafield tag="903" ind1=" " ind2=" ">
    <subfield code="9">69535</subfield>
    <subfield code="a">Lafuente, Modesto,</subfield>
    <subfield code="d">1806-1866</subfield>
    <subfield code="e">dnr</subfield>
    <subfield code="q">1</subfield>
  </datafield>
  <datafield tag="942" ind1=" " ind2=" ">
    <subfield code="c">MONANT</subfield>
    <subfield code="n">0</subfield>
  </datafield>
  <datafield tag="999" ind1=" " ind2=" ">
    <subfield code="c">114455</subfield>
    <subfield code="d">114455</subfield>
  </datafield>
  <datafield tag="952" ind1=" " ind2=" ">
    <subfield code="0">0</subfield>
    <subfield code="1">0</subfield>
    <subfield code="2">udc</subfield>
    <subfield code="4">0</subfield>
    <subfield code="7">0</subfield>
    <subfield code="8">Colecci&#xF3;n_de_folletos</subfield>
    <subfield code="a">ATENEOM</subfield>
    <subfield code="b">ATENEOM</subfield>
    <subfield code="c">DEPO2</subfield>
    <subfield code="d">2008-01-17</subfield>
    <subfield code="e">LEGADO</subfield>
    <subfield code="l">0</subfield>
    <subfield code="o">G-4760(2)</subfield>
    <subfield code="p">1119359</subfield>
    <subfield code="r">2023-02-23 00:00:00</subfield>
    <subfield code="w">2023-02-23</subfield>
    <subfield code="y">MONANT</subfield>
  </datafield>
</record>
